Artistes ayant collaboré avec Daft Punk par images - Statistiques

Statistiques générales
  • Ce quiz a été pris 27 fois
  • Le résultat moyen est 4 sur 16
Statistiques - réponses
Par images Hint Réponse % Correct
Chanteur / Producteur Pharrell Williams
96%
Chanteur The Weeknd
96%
Rappeur Kanye West
88%
Chanteur Julian Casablancas
27%
Producteur Giorgio Moroder
19%
Guitariste Nile Rodgers
19%
Réalisateur Michel Gondry
12%
Groupe Phoenix
12%
Manager / Producteur Busy P
8%
Groupe Parcels
8%
Chanteur / Acteur Paul Williams
8%
DJ / Producteur DJ Falcon
4%
Réalisateur / mangaka Leiji Matsumoto
0%
Réalisateur Roman Coppola
0%
Chanteur / DJ Romanthony
0%
DJ / Chanteur Todd Edwards
0%
Aucun quiz correspondant
Distribution des résultats
% des personnes avec chaque résultat
Percentile par nombre de réponses
Votre historique - résultats
Vous n’avez pas pris ce quiz